|
|
|
|
| LEADER |
00789cam a2200217 a 4500 |
| 001 |
0000088112 |
| 005 |
20110908090000.0 |
| 040 |
|
|
|a mod
|
| 041 |
|
|
|a eng
|
| 020 |
0 |
0 |
|a 9789830997421
|
| 020 |
0 |
0 |
|a 9830997421
|
| 090 |
0 |
0 |
|a 297.122
|b HAF
|e 2007
|
| 100 |
1 |
0 |
|a Abu Mazaya Al-Hafiz
|
| 245 |
1 |
0 |
|a Di bawah cahaya al-quran sepanjang zaman
|c Abu Mazaya Al-Hafiz
|
| 260 |
0 |
0 |
|a Kuala Lumpur
|b Al-Hidayah
|c 2007
|
| 300 |
0 |
0 |
|a xv, 467 p.
|b ill.
|c 23 cm
|
| 650 |
0 |
0 |
|a Koran
|x Hermeneutics
|
| 650 |
0 |
0 |
|a Islamic law
|x Interpretation and construction
|
| 999 |
|
|
|a 0259183
|b PULAMOR
|d BOOKS
|e Umum
|f PULAMOR
|j AVAILABLE
|q GOOD CONDITION
|
| 999 |
|
|
|a 0260601
|b 11 Skuadron Semboyan Diraja
|d BOOKS
|e Umum
|f Other Branches
|j AVAILABLE
|q GOOD CONDITION
|
| 999 |
|
|
|a 0289087
|b PU Sendayan
|d BOOKS
|e Umum
|f PU Sendayan
|j AVAILABLE
|q GOOD CONDITION
|